00749nam a2200241 i 4500003000900000005001700009007000300026008004100029020001500070040003000085082001300115100002900128240002800157245006100185264004200246300004400288336002700332337003400359338002800393490003300421500002700454700002600481DO-SdBNP20240712155201.0ta240712b1989 sp a 001 0 spa d a8474196116 aDO-SdBNPbspacBNPHUerda 4bD2492221 aDavis, Jimeautord1945-1 aGarfield out to lunch /10aGarfield :ba tope /cJim Davis ; traducción J. Adsuar aBarcelona, España :bJunior,c1989. a[96] páginas :bilustracionesc13 cm. 2rdacontentatextobtxt 2rdamediaasin mediaciónbnc 2rdacarrieravolumenbnc1 aGrupo editorial grijalbov16 aLibro de caricaturas. 1 aAdsuar, J.etraductor